Online
Catalog

Democraties et capitalisme (1848-1860) / (Record no. 18788)

MARC details
000 -CABECERA
campo de control de longitud fija 00880cam a22002411 4500
001 - NÚMERO DE CONTROL
campo de control 000019270
005 - FECHA Y HORA DE LA ÚLTIMA TRANSACCIÓN
campo de control 20240508191012.0
008 - DATOS DE LONGITUD FIJA--INFORMACIÓN GENERAL
campo de control de longitud fija 731128s1948 fr b 000 0 fre c
040 ## - FUENTE DE LA CATALOGACIÓN
Centro catalogador/agencia de origen DO-SdBNP
Centro/agencia transcriptor NhD
Centro/agencia modificador OCoLC
-- DLC
-- BNPHU
082 ## - NÚMERO DE LA CLASIFICACIÓN DECIMAL DEWEY
Número de clasificación 940.2
Número de documento/Ítem P879d
049 ## - FONDOS LOCALES (OCLC)
Fondos de biblioteca BNGR
100 1# - ENTRADA PRINCIPAL--NOMBRE DE PERSONA
Nombre de persona Pouthas, Charles Hippolyte,
Fechas asociadas al nombre 1886-
9 (RLIN) 41457
245 10 - MENCIÓN DE TÍTULO
Título Democraties et capitalisme (1848-1860) /
Mención de responsabilidad, etc. par Charles-H. Pouthas.
250 ## - MENCIÓN DE EDICIÓN
Mención de edición 2a ed.
260 ## - PUBLICACIÓN, DISTRIBUCIÓN, ETC.
Lugar de publicación, distribución, etc. Paris :
Nombre del editor, distribuidor, etc. Presses universitaires de France,
Fecha de publicación, distribución, etc. 1948.
300 ## - DESCRIPCIÓN FÍSICA
Extensión 2 p. l., 639, [1] p. ;
Dimensiones 22 cm.
490 1# - MENCIÓN DE SERIE
Mención de serie Peuples et civilisations; histoire generale.
Designación de volumen o secuencia [XVI]
504 ## - NOTA DE BIBLIOGRAFÍA, ETC.
Nota de bibliografía, etc. Incluye referencias bibliográficas y notas al pie de las páginas.
651 #0 - PUNTO DE ACCESO ADICIONAL DE MATERIA--NOMBRE GEOGRÁFICO
Nombre geográfico Europa
Subdivisión general Historia
Subdivisión cronológica 1848-1871.
9 (RLIN) 41458
650 #0 - PUNTO DE ACCESO ADICIONAL DE MATERIA--TÉRMINO DE MATERIA
Término de materia o nombre geográfico como elemento de entrada Política mundial
9 (RLIN) 1785
830 #0 - PUNTO DE ACCESO ADICIONAL DE SERIE-TÍTULO UNIFORME
Título uniforme Peuples et civilisations ;
Designación de volumen o secuencia [XVI]
9 (RLIN) 41459
910 ## - DATOS DE OPCIÓN DEL USUARIO (OCLC)
Datos de opción del usuario Catalogación derivada / LC
Holdings
Estado de retiro Estado de pérdida Restricciones de uso No para préstamo Código de colección Localización permanente Ubicación/localización actual Ubicación en estantería Fecha de adquisición Número de inventario Total de préstamos Signatura topográfica completa Código de barras Fecha visto por última vez Precio válido a partir de Tipo de ítem Koha
      Excluido de préstamo Monografías: Libros y Folletos General General En catalogación 31.05.2010 LF1   940.2 P879d 19270-10 25.06.2020 25.06.2020 No se presta

Powered by Koha